00294nam a22001217a 450000500170000000800410001704100130005808200140007110000120008524500260009730000240012365000250014720231123141454.0231123b |||||||| |||| 00| 0 eng d aEnglish  a341.5 COM lEnglish aCommercial Mediation  b49 pages ;c31 cm.  aLegal practice bLaw